|
|
|
|
| LEADER |
00000nam a2200000 4500 |
| 008 |
160511b2010 m a|||| |||| 00| | spa d |
| 020 |
|
|
|a 9786074717112
|
| 090 |
|
|
|a 06.02.01
|b 2329
|
| 100 |
1 |
|
|9 1718
|a Fierro Evans, Cecilia
|
| 245 |
|
|
|a Ojos que si ven: casos para reflexionar sobre la convivencia en la escuela /
|c Cecilia Fierro Evans, Patricia Carbajal Padilla, Regina Martínez-Parente Zubiría, con prólogo de Alfredo Furlán
|
| 260 |
|
|
|a México :
|b SM de Ediciones,
|c 2010
|
| 300 |
|
|
|a 127 páginas;
|b ilustraciones
|
| 490 |
|
|
|a Somos maestros. Convivencia escolar
|
| 650 |
1 |
4 |
|9 1
|a EDUCACIÓN
|
| 650 |
1 |
4 |
|9 691
|a CONVIVENCIA ESCOLAR
|
| 700 |
1 |
|
|9 1719
|a Carbajal Padilla, Patricia
|
| 700 |
1 |
|
|9 1720
|a Martínez-Parente Zubiría, Regina
|
| 942 |
|
|
|i 004152
|h 06.02.01 2329
|2 z
|c 01
|
| 999 |
|
|
|c 3214
|d 3214
|